| 000 | 00432nam a2200181Ia 4500 | ||
|---|---|---|---|
| 999 |
_c28903 _d28903 |
||
| 003 | OSt | ||
| 005 | 20260430111316.0 | ||
| 008 | 200615s9999||||xx |||||||||||||| ||und|| | ||
| 020 | _a9788122421521 | ||
| 040 | _cMUIT LUCKNOW | ||
| 082 |
_a621.3 _bBAS-C |
||
| 100 | _aC.L.WADHWA | ||
| 245 | 0 | _aBASIC ELECTRICAL ENGINEERING | |
| 250 | _a1ST | ||
| 260 |
_anew delhi _bNEW AGE INTERNATIONAL _c2013 |
||
| 300 | _a405 | ||
| 942 |
_cBK _2ddc |
||